| 000 | 00651nam a2200193 4500 | ||
|---|---|---|---|
| 001 | 133311 | ||
| 003 | ES-MaACL | ||
| 007 | t| | ||
| 008 | 070214s1982 sp r ||||1| spa d | ||
| 100 | 0 |
_aRoth, Joseph, _d1894-1939 _999952 |
|
| 245 | 1 | 0 |
_aA diestra y siniestra / _cJoseph Roth ; traducción de Luis López Ballesteros y de Torres. |
| 260 |
_aBarcelona : _bAnagrama, _c1982. |
||
| 300 |
_a195 p. ; _c20 cm. |
||
| 490 | 1 |
_aPanorama de narrativas ; _v17 |
|
| 700 | 1 |
_aLópez-Ballesteros y de Torres, Luis. _973432 |
|
| 830 | 0 | 0 |
_aPanorama de narrativas _v17 _9123642 |
| 852 |
_aES-MaACL _jL-7512 _bR.107561 |
||
| 999 |
_c133311 _d133311 |
||